• 首页
  • 本馆介绍
  • 公告通知
  • 最新文献
  • 馆藏检索
  • 电子资源
  • 读者导购
  • 参考咨询
  • 我的图书馆
  • 登录
  • 详细信息显示
  • 放入我的书架
  • 预约/预借图书
  • 作者相关作品
  • 分类相关作品
  • 丛书相关作品
  • 出版社相关作品

书目信息

  • 表格格式
  • 工作单格式
  • 卡片格式
题名:
近代道路路面设计
    
 
作者: 岸田正一 著 ;东北林学院道桥系 译
分册:  
出版信息: 北京   人民交通出版社  1984.7
页数: 101页
开本: 20cm
丛书名:
单 册:
中图分类: U416.2
科图分类:
主题词: 道路工程
电子资源:
ISBN:
000 00622nam0 2200217 45
001 0312221749
005 20040513171905.6
010    @dCNY0.54
091    @a15044.1821
100    @a20031222d1984 km y0chiy0120 ea
101    @achi
105    @a z 000yy
200 1  @a近代道路路面设计@AJin Dai Dao Lu Lu Mian She Ji@f(日)岸田正一著@F(Ri)An Tian Zheng Yi Zhu@g东北林学院道桥系译
210    @a北京@c人民交通出版社@d1984.7
215    @a101页@d20cm
606 0  @a道路工程
690    @aU416.2@v3
701 0  @a岸田正一@4著
702 0  @a东北林学院道桥系@4译
801    @aCN@bTSTCL@c20031222
905    @dU416.2@e21@f1@b111376
    
    近代道路路面设计/(日)岸田正一著/东北林学院道桥系译.-北京:人民交通出版社,1984.7
    101页;20cm
    
    
    ISBN :CNY0.54
    
●
相关链接 在E读中查询图书 在五车中查询图书 在当当中查询图书 在豆瓣中查询图书


正题名:近代道路路面设计     索取号:U416.2/21         预约/预借

序号 登录号 条形码 馆藏地/架位号 状态 备注
1 0111376   001487876   第三借阅区/ [索取号:U416.2/21] 在馆    
2 0111377   001487867   第二样本阅览室/ [索取号:U416.2/21] 在馆    
唐山师范学院图书馆 欢迎您!
大连网信软件有限公司© 版权所有